000 00972nam a2200301 i 4500
001 000047340
003 DO-SdBPM
005 20251201091351.0
007 ta
008 110325s2017 dr r 000 0 spa d
020 _a9789945466324
040 _aDO-SdBPM
_bspa
_cBPMSU
_erda
_d
082 4 _aRD861.44
_bR595r 2017
_222
100 1 _aRisco Bermúdez, René del,
_d1937-1972
_eautor
245 1 0 _aRené del Risco Bermudez :
_bbiografia cuentos y poemas /
_ccompilado por Tomás Castro Burdiez
264 _aSanto Domingo :
_bEducarte,
_c2017
300 _a24 paginas ;
_c22 cm.
336 _2rdacontent
_atexto
_btxt
337 _2rdamedia
_asin mediación
_bn
338 _2rdacarrier
_avolumen
_bnc
590 _aInventariado, 2025/VM
650 7 _aPoesías dominicanas
650 7 _aCuentos dominicanos
650 7 _aLiteratura dominicana
700 1 _aCastro Burdiez, Tomás
_ecompilador
910 _a VMateo V. Control de calidad. BPMSU
942 _2ddc
_cBK
999 _c15551
_d15551